| 000 | 01669nam a2200373 c 4500 | ||
|---|---|---|---|
| 999 |
_c130664 _d130664 |
||
| 003 | BLK | ||
| 005 | 20250225005544.0 | ||
| 008 | 180409b bul|||||r ||||||| ||bul|| | ||
| 010 | _aKNG00136433000 | ||
| 040 | _aBLK | ||
| 041 |
_aBUL _cBUL |
||
| 080 |
_aБългарска литература _b821.163.2 _x(081.1) _z821.163.2(081.1) |
||
| 080 |
_aБългарска литература _b821.163.2 _x-1 _z821.163.2-1 |
||
| 080 |
_aБългарска литература _b821.163.2 _x-8 _z821.163.2-8 |
||
| 100 |
_aБотев, Христо _d1848 - 1876 _qПетков, Христо Ботев _eпърви автор _9364222 |
||
| 139 |
_aБотев, Христо _bБ 70 |
||
| 245 | 1 | 0 |
_aСъбрани съчинения _bВ 3 т. _cХристо Ботев; ред. кол. Петър Динеков; под ред. на на том Цвета Унджиева. _nТ. 1 |
| 257 | _aBGR | ||
| 260 |
_aСофия _bБълг. писател _c1976 - |
||
| 300 | _c21 см | ||
| 380 | _aX | ||
| 500 | _a60 100 тир. | ||
| 700 | 1 |
_aДинеков, Петър _eред. кол. _9368889 |
|
| 700 | 1 |
_aУнджиева, Цвета Иванова _d1930 - 2000 _9132910 |
|
| 760 | 1 |
_aБотев, Христо _d1976 _h519 с. : 8 л. портр., факс. _nАзб. и геогр. показалец. _tТ. 1 |
|
| 852 | _aЦб 83302 | ||
| 856 | 4 |
_qpdf _i0.00 _ldisable |
|
| 856 | 4 |
_qpdf _i0.00 _ldisable |
|
| 942 |
_cKNG _n0 _s1 |
||
| 944 |
_aCR _c23.11.2012 _lCRON CRON _k |
||
| 944 |
_aED _c18.09.2017 _l23.11.2012 - от С1,Р / 23.11.2012 _kСевдалина_Василева |
||
| 944 |
_aED _c2022-10-21 _kХристина Везирева |
||
| 999 | _d130664 | ||